|
|
|
|
| LEADER |
00861nab#a2200313#ar4500 |
| 001 |
000004313 |
| 003 |
SVKKK |
| 005 |
20030731132034.0 |
| 008 |
030731c1997 e sloo |
| FMT |
|
|
|
| 038 |
|
|
|a SVKKK
|
| 040 |
|
|
|a SVKKK
|b slo
|e AACR2
|
| 041 |
0 |
|
|a slo
|
| 080 |
|
|
|a 294.512.1
|2 1981
|
| 100 |
1 |
|
|a Szabó, Slavomír
|4 aut
|
| 245 |
1 |
0 |
|a Zrieknite sa hazardu a buďte šťastní :
|b Stanú sa Košice ďalším centrom hnutia Hare Kršna?
|c Szabó Slavomír,
|
| 260 |
|
|
|c 1997
|
| 650 |
0 |
4 |
|a akcie verejné
|
| 650 |
0 |
4 |
|a história hnutia
|
| 650 |
0 |
4 |
|a hnutia náboženské
|z Hare Kršna (náboženské hnutie)
|
| 650 |
0 |
4 |
|a informácie
|
| 650 |
0 |
4 |
|a prezentácia hnutia
|z Košice
|
| 773 |
0 |
|
|t Košický večer
|g Roč. 8(1997), dát. 0411
|
| 957 |
|
|
|a Košice
|
| 974 |
|
|
|a Cr
|
| 992 |
|
|
|a RBX
|
| BAS |
|
|
|
| 852 |
|
|
|a SVKKK
|b BIB
|
| 998 |
|
|
|a REG
|